Nghiên cứu sáng tác của các nhà văn nữ Việt Nam hiện đại

Сохранить в:
Библиографические подробности
Главный автор: Trần, Thị Việt Trung
Формат:
Язык:Undetermined
Опубликовано: Thái Nguyên Nxb. Đại học Thái Nguyên 2017
Предметы:
Метки: Добавить метку
Нет меток, Требуется 1-ая метка записи!
Thư viện lưu trữ: Trung tâm Học liệu Trường Đại học Cần Thơ
LEADER 00705nam a2200193Ia 4500
001 CTU_228453
008 210402s9999 xx 000 0 und d
082 |a 895.92209 
082 |b Tr513 
100 |a Trần, Thị Việt Trung 
245 0 |a Nghiên cứu sáng tác của các nhà văn nữ Việt Nam hiện đại 
245 0 |c Trần Thị Việt Trung (Chủ biên) 
260 |a Thái Nguyên 
260 |b Nxb. Đại học Thái Nguyên 
260 |c 2017 
650 |a Văn học Việt Nam,Vietnamese literature 
650 |x Lịch sử và phê bình,History and criticism 
910 |b nthai 
980 |a Trung tâm Học liệu Trường Đại học Cần Thơ